000 00670nam a2200217 i 4500
001 51288
003 ES-MaACL
005 20240524062949.0
007 t|
008 030812s1943 sp ||||1| spa d
080 _a821.111-32"19"
100 0 _aChesterton, G. K.,
_d1874-1936
_938399
245 1 3 _aEl club de los negocios raros /
_cpor G.K. Chesterton ; traducción del inglés por M.P.
250 _a2ª ed.
260 _aBarcelona :
_b[s.n.],
_c1943 (
_fTip. "La Académica")
300 _a157 p. ;
_c20 cm.
490 1 _aAl monigote de papel
830 1 _aAl monigote de papel
_9181405
852 4 _aES-MaACL
_jB-10225
999 _c51288
_d51288